Law's community : Legal theory in sociological perspective

This important collection of essays by a leading theorist attempts to re-locate the relationship between the traditional concerns of legal theory and the sociology of law by establishing a consistent approach to the analysis of law in contemporary Western societies. This new book is based upon previ...

Полное описание

Сохранить в:
Библиографические подробности
Главный автор: Cotterrell, Roger
Формат:
Язык:Undetermined
Опубликовано: Oxford Clarendo Press 1996
Предметы:
Метки: Добавить метку
Нет меток, Требуется 1-ая метка записи!
Thư viện lưu trữ: Trung tâm Học liệu Trường Đại học Cần Thơ
LEADER 01068nam a2200217Ia 4500
001 CTU_100591
008 210402s9999 xx 000 0 und d
020 |c 180000 
082 |a 340.115 
082 |b C847 
100 |a Cotterrell, Roger 
245 0 |a Law's community : 
245 0 |b Legal theory in sociological perspective 
245 0 |c Roger Cotterrell 
260 |a Oxford 
260 |b Clarendo Press 
260 |c 1996 
520 |a This important collection of essays by a leading theorist attempts to re-locate the relationship between the traditional concerns of legal theory and the sociology of law by establishing a consistent approach to the analysis of law in contemporary Western societies. This new book is based upon previously published essays which have been extensively revised and updated, and includes new introductory and concluding chapters. It offers an important contribution to the study of law and social theory. 
650 |a Sociological jurisprudence 
904 |i Truc 
980 |a Trung tâm Học liệu Trường Đại học Cần Thơ